[Event "Moscow Rapid-ch 2018"]
[Site "Moscow"]
[Date "2018.12.09"]
[Round "7"]
[White "Vyrtosu, Natalia"]
[Black "Utiatskaja, Irina"]
[Result "0-1"]
[WhiteElo "1952"]
[BlackElo "2246"]
[Annotator "NA"]
[PlyCount "90"]
[EventDate "2018.12.08"]
[EventType "swiss"]
[EventCountry "RUS"]
[SourceTitle "playchess.com"]
[Source "ChessBase"]
[SourceQuality "1"]
[TimeControl "900+10"]

1. d4 {[%emt 0:00:00]} Nf6 {[%emt 0:00:00]} 2. c4 {[%emt 0:00:00]} g6 {[%emt 0:00:00]} 3. Nc3 {[%emt 0:00:00]} Bg7 {[%emt 0:00:00]} 4. e4 {[%emt 0:00:00]} d6 {[%emt 0:00:00]} 5. Be2 {[%emt 0:00:01]} O-O {[%emt 0:00:03]} 6. Be3 {[%emt 0:00:10]} c5 {[%emt 0:00:55]} 7. e5 {[%emt 0:00:34]} Nfd7 {[%emt 0:01:39]} 8. exd6 {[%emt 0:01:02]} cxd4 {[%emt 0:03:19]} 9. dxe7 {[%emt 0:01:03]} Qxe7 {[%emt 0:00:02]} 10. Bxd4 {[%emt 0:00:02]} Bxd4 {[%emt 0:00:21]} 11. Qxd4 {[%emt 0:00:02]} Nc6 {[%emt 0:00:01]} 12. Qf4 {[%emt 0:01:44]} Qb4 {[%emt 0:00:19]} 13. O-O-O {[%emt 0:00:19]} Nc5 {[%emt 0:01:50]} 14. Nf3 {[%emt 0:05:02]} Na4 {[%emt 0:00:40]} 15. Nxa4 {[%emt 0:00:27]} Qxa4 {[%emt 0:00:01]} 16. a3 {[%emt 0:01:16]} b5 {[%emt 0:00:39]} 17. Nd4 {[%emt 0:00:21]} Nxd4 {[%emt 0:01:06]} 18. Rxd4 {[%emt 0:00:35]} Bf5 {[%emt 0:00:01]} 19. Bd1 {[%emt 0:00:09]} Qa6 {[%emt 0:00:19]} 20. g4 {[%emt 0:01:23]} Be6 {[%emt 0:00:01]} 21. cxb5 Qxb5 {[%emt 0:00:32]} 22. Kb1 {[%emt 0:01:51]} a5 {[%emt 0:00:08]} 23. Ba4 {[%emt 0:00:33]} Qb7 {[%emt 0:00:37]} 24. Rc1 {[%emt 0:00:27]} Rab8 {[%emt 0:00:02]} 25. Rc2 {[%emt 0:00:02]} Qh1+ {[%emt 0:00:08]} 26. Rc1 {[%emt 0:00:10]} Qb7 {[%emt 0:00:54]} 27. Rc2 {[%emt 0:00:19]} Rbc8 {[%emt 0:00:23]} 28. Qe4 {[%emt 0:00:11]} Qa6 {[%emt 0:00:15]} 29. Rd1 {[%emt 0:00:25]} Rxc2 {[%emt 0:00:55]} 30. Bxc2 {[%emt 0:00:02]} Rb8 {[%emt 0:00:11]} 31. h4 {[%emt 0:00:23]} Qb5 {[%emt 0:00:47]} 32. Qd4 {[%emt 0:00:19]} Rc8 {[%emt 0:00:17]} 33. f3 {[%emt 0:00:21]} Qe2 {[%emt 0:00:09]} 34. Qd3 {[%emt 0:00:08]} Qf2 {[%emt 0:01:16]} 35. h5 {[%emt 0:00:07]} a4 {[%emt 0:01:47]} 36. hxg6 hxg6 {[%emt 0:00:01]} 37. Bxa4 {[%emt 0:00:43]} Bc4 {[%emt 0:00:04]} 38. Qe4 {[%emt 0:00:33]} Be2 {[%emt 0:00:19]} 39. Qb7 {[%emt 0:00:29]} Rf8 {[%emt 0:00:19]} 40. Rd7 {[%emt 0:00:14]} Bxf3 {[%emt 0:00:04]} 41. Qc7 {[%emt 0:00:02]} Bxg4 {[%emt 0:00:11]} 42. Re7 {[%emt 0:00:02]} Be6 {[%emt 0:00:09]} 43. Bc2 {[%emt 0:00:06]} Qe1+ {[%emt 0:00:06]} 44. Bd1 {[%emt 0:00:10]} Qxd1+ {[%emt 0:00:02]} 45. Qc1 {[%emt 0:00:01]} Bf5+ {[%emt 0:00:03]} 0-1

[Event "Moscow Rapid-ch 2018"]
[Site "Moscow"]
[Date "2018.12.09"]
[Round "8"]
[White "Kosteniuk, Alexandra"]
[Black "Shinkevich, Vitaly"]
[Result "0-1"]
[WhiteElo "2537"]
[BlackElo "2439"]
[Annotator "TA"]
[PlyCount "104"]
[EventDate "2018.12.08"]
[EventType "swiss"]
[EventCountry "RUS"]
[SourceTitle "playchess.com"]
[Source "ChessBase"]
[SourceQuality "1"]

{[%evp 22,104,13,13,8,25,27,-38,0,-22,-9,-159,-160,-170,-170,-156,-139,-187,-187,-175,-142,-152,-145,-630,-630,-632,-264,-283,-279,-278,-229,-345,-227,-220,-227,-220,-204,-228,-202,-358,-175,-175,-176,-390,-360,-397,-453,-420,-421,-397,-329,-335,-334,-336,-337,-328,-281,-320,-294,-507,-497,-579,-573,-561,-536,-481,-257,-507,-507,-503,-525,-524,-518,-484,-499,-505,-490,-716,-717,-943,-920,-1494,-1359,-1810,-1643]} 1. e4 e5 2. Nf3 Nc6 3. Bc4 Bc5 4. d3 Nf6 5. Bg5 h6 6. Bh4 d6 7. c3 Qe7 8. O-O {C54: Giuoco Piano: 4 c3 Nf6, main lines with 5 d4 and 5 d3} a6 9. a4 Ba7 10. Nbd2 g5 (10... Be6 11. b4 O-O 12. Re1 Rfe8 13. a5 Nb8 {½-½ (38) Vocaturo,D (2609)-Adams,M (2709) Caleta 2018}) 11. Bg3 h5 12. h4 $1 {[%cal Rh4g5] LiveBook: 3 Games} g4 13. Ne1 $146 ({Predecessor:} 13. Ng5 Nd8 14. d4 Nd7 15. Qb3 f6 {1-0 (52) Kosteniuk,A (2559)-Bulmaga,I (2394) Batumi 2018}) 13... Be6 14. Nc2 ({White should play} 14. b4 $11) 14... O-O-O 15. Qe2 d5 16. Ba2 (16. Bb5 $11 Nb8 17. exd5 Nxd5 18. Bc4 (18. Bxe5 f6 $17)) 16... dxe4 $1 $17 17. Bxe6+ Qxe6 18. Nxe4 Nd5 $1 19. Rfe1 Rhe8 20. d4 exd4 {White must now prevent ...Qg6.} 21. Qd3 {Threatens to win with Nd6+!} Qg6 22. Rad1 $2 {[%mdl 8192]} (22. cxd4 $17 Nf6 23. Nc5) 22... dxc3 $19 23. Qc4 Nb6 (23... cxb2 $142 24. Rxd5 Rxd5 25. Qxd5 Rxe4 $1 {[%mdl 512]}) 24. Rxd8+ Rxd8 25. Qxc3 Nxa4 26. Qa3 (26. Qb3 {was called for.} Nc5 27. Nxc5 Bxc5 28. Ne3) 26... Nb6 27. Nb4 {[#]} Nxb4 $1 28. Qxb4 Nd5 29. Qc4 Qc6 30. Qf1 $2 (30. Qxc6 bxc6 31. Ng5) 30... Qb5 (30... f5 $142 31. Nc3 Nxc3 32. bxc3 Qxc3) 31. Qxb5 axb5 32. Ra1 $2 (32. Rc1 {is a better defense.}) 32... Bd4 33. Ng5 Bxb2 34. Rb1 Bd4 35. Rxb5 c6 36. Ra5 Re8 37. Nxf7 {Threatening Nd6+.} Kd7 38. Ra4 Re1+ 39. Kh2 Rd1 40. Nd6 $2 (40. Ra8 {might work better.}) 40... b5 {[%cal Bb7b5,Bb5b4,Bb4b3][%mdl 32]} 41. Ra8 {[#]} Bxf2 $1 {[%mdl 576] Deflection} 42. Bxf2 Kxd6 {[%mdl 4096] Endgame KRB-KRN} 43. Rh8 Rd2 (43... b4 $142 {...b3 is the strong threat.} 44. Rh6+ Ke5 45. Rxh5+ Ke4) 44. Rh6+ $2 (44. Be1 {was the only chance.} Rc2 45. Rxh5) 44... Kd7 {Black is clearly winning.} 45. Bc5 b4 46. Rxh5 b3 47. Rh7+ Ke6 48. Rb7 {[#]} Rd3 $1 49. h5 (49. Rb8 $142 Nf4 50. Bf2) 49... Nf4 {( -> ...g3+)} 50. g3 Nxh5 51. Bf2 Nf6 52. Rb6 Kd5 {Accuracy: White = 26%, Black = 65%.} 0-1

[Event "Moscow Rapid-ch 2018"]
[Site "Moscow"]
[Date "2018.12.09"]
[Round "8"]
[White "Sychev, Klementy"]
[Black "Dvalishvili, Pavel S."]
[Result "1-0"]
[WhiteElo "2537"]
[BlackElo "2396"]
[Annotator "TA"]
[PlyCount "46"]
[EventDate "2018.12.08"]
[EventType "swiss"]
[EventCountry "RUS"]
[SourceTitle "playchess.com"]
[Source "ChessBase"]
[SourceQuality "1"]

{[%evp 20,46,72,69,77,83,110,104,104,94,107,-53,-37,-76,94,95,79,90,72,93,235,240,225,208,300,291,539,502,887]} 1. e4 c5 2. Nf3 d6 3. d4 cxd4 4. Nxd4 Nf6 5. Nc3 a6 6. Bg5 Nbd7 7. Bc4 Qc7 {B94: Sicilian Najdorf: 6 Bg5 Nbd7} (7... h6 8. Bh4 g6 9. Qe2 Bg7 10. O-O-O O-O 11. Bb3 Qc7 12. Kb1 Rb8 13. f4 e5 14. fxe5 dxe5 15. Nf3 b5 16. g4 {1-0 (61) Nepomniachtchi,I (2751)-Korobov,A (2678) Poikovsky 2018}) 8. Bb3 h6 9. Bxf6 Nxf6 10. Qe2 e6 11. O-O-O {LiveBook: 3 Games} Be7 12. f4 {[%cal Bf2f4,Bf4e5][%mdl 32]} b5 13. e5 $146 ({Predecessor:} 13. g4 b4 14. Nb1 g5 15. h4 Rg8 16. hxg5 hxg5 {½-½ (40) Szuk,B (2310)-Vegh,E (2405) Hungary 1993}) 13... dxe5 14. fxe5 Nh7 15. h4 $2 ({White should play} 15. Qf3 $16 Ra7 16. Nxe6 $1 {[%mdl 512]} (16. Nc6 Ng5 $17) 16... Bxe6 17. Bxe6) 15... O-O $15 16. Qe3 Bb7 $2 {[#]} (16... Rd8 $17 {keeps the pressure on.}) 17. Nxe6 $1 $16 {[%mdl 512]} fxe6 18. Bxe6+ Kh8 {Strongly threatening ...Rae8.} 19. Rd7 Qc6 (19... Qc5 $16 {keeps fighting.} 20. Qxc5 Bxc5 21. Rxb7 Rae8) 20. Rxe7 $18 Qxg2 21. Re1 Rad8 (21... Rf1 {was necessary.} 22. Rxb7 Rxe1+ 23. Qxe1 Qxb7) 22. Bh3 Qc6 $2 (22... Qf3 {was called for.} 23. a3 Rfe8 24. Qxf3 Bxf3) 23. Qg3 {[%csl Ge7][%cal Rg3g7]} g5 {Accuracy: White = 66%, Black = 20%.} (23... Rg8 $142 24. Be6 Qf3 25. Qxf3 Bxf3 26. Bxg8 Kxg8) 1-0

[Event "Moscow Rapid-ch 2018"]
[Site "Moscow"]
[Date "2018.12.09"]
[Round "8"]
[White "Yeletsky, Ivan"]
[Black "Gurvich, Vitaly"]
[Result "0-1"]
[WhiteElo "2406"]
[BlackElo "2270"]
[Annotator "NA"]
[PlyCount "72"]
[EventDate "2018.12.08"]
[EventType "swiss"]
[EventCountry "RUS"]
[SourceTitle "playchess.com"]
[Source "ChessBase"]
[SourceQuality "1"]
[TimeControl "900+10"]

1. e4 {[%emt 0:00:00]} c6 {[%emt 0:00:00]} 2. d3 {[%emt 0:00:12]} d5 {[%emt 0:00:00]} 3. Qe2 {[%emt 0:00:01]} dxe4 {[%emt 0:01:29]} 4. dxe4 {[%emt 0:00:02]} e5 {[%emt 0:00:03]} 5. Nf3 {[%emt 0:00:06]} Nd7 {[%emt 0:00:06]} 6. Nbd2 {[%emt 0:00:13]} Ngf6 {[%emt 0:00:05]} 7. Nc4 {[%emt 0:00:20]} Qc7 {[%emt 0:00:06]} 8. Bd2 {[%emt 0:00:06]} Bc5 {[%emt 0:01:23]} 9. O-O-O {[%emt 0:00:25]} O-O {[%emt 0:00:14]} 10. Nh4 {[%emt 0:04:55]} b5 {[%emt 0:00:55]} 11. Ba5 {[%emt 0:00:07]} Bb6 {[%emt 0:03:05]} 12. Nxb6 {[%emt 0:01:31]} axb6 {[%emt 0:00:05]} 13. Bc3 {[%emt 0:00:04]} Rxa2 {[%emt 0:00:54]} 14. b4 {[%emt 0:02:20]} c5 {[%emt 0:01:17]} 15. Kb1 {[%emt 0:02:34]} Ra3 {[%emt 0:01:16]} 16. Bb2 {[%emt 0:00:08]} Ra4 {[%emt 0:00:23]} 17. f3 {[%emt 0:00:11]} cxb4 {[%emt 0:00:56]} 18. Nf5 {[%emt 0:01:30]} Nc5 {[%emt 0:00:18]} 19. Qe3 {[%emt 0:00:02]} Be6 {[%emt 0:01:08]} 20. Re1 {[%emt 0:03:04]} Ba2+ {[%emt 0:00:17]} 21. Kc1 {[%emt 0:00:01]} Nb3+ {[%emt 0:00:11]} 22. Kd1 {[%emt 0:00:01]} Rd8+ {[%emt 0:01:16]} 23. Bd3 {[%emt 0:00:04]} Bb1 {[%emt 0:01:27]} 24. Ke2 {[%emt 0:00:37]} Bxc2 {[%emt 0:00:32]} 25. Bxb5 {[%emt 0:00:03]} Ra2 {[%emt 0:00:31]} 26. Qg5 {[%emt 0:00:25]} Bd3+ {[%emt 0:00:54]} 27. Kf2 {[%emt 0:00:02]} Rxb2+ {[%emt 0:00:13]} 28. Kg3 {[%emt 0:00:01]} Nh5+ {[%emt 0:00:19]} 29. Qxh5 {[%emt 0:00:01]} Bxb5 {[%emt 0:00:11]} 30. Nxg7 {[%emt 0:00:42]} Kxg7 {[%emt 0:00:09]} 31. Qg5+ {[%emt 0:00:01]} Kf8 {[%emt 0:00:02]} 32. Qh6+ {[%emt 0:00:07]} Ke8 {[%emt 0:00:04]} 33. Rd1 {[%emt 0:00:21]} Nd4 {[%emt 0:00:18]} 34. Qxh7 {[%emt 0:00:07]} Qd6 {[%emt 0:00:10]} 35. Qh8+ {[%emt 0:00:14]} Ke7 {[%emt 0:00:02]} 36. Qh4+ {[%emt 0:00:02]} Qf6 {[%emt 0:00:02]} 0-1

[Event "Moscow Rapid-ch 2018"]
[Site "Moscow"]
[Date "2018.12.09"]
[Round "8"]
[White "Gorbatov, Alexej"]
[Black "Ulko, Jaroslav"]
[Result "0-1"]
[WhiteElo "2389"]
[BlackElo "2439"]
[Annotator "TA"]
[PlyCount "96"]
[EventDate "2018.12.08"]
[EventType "swiss"]
[EventCountry "RUS"]
[SourceTitle "playchess.com"]
[Source "ChessBase"]
[SourceQuality "1"]

{[%evp 9,96,0,7,-27,-9,-9,-18,-28,0,-61,-61,-61,-61,-59,-52,-60,-60,-62,-37,-85,-42,-58,-33,-35,-59,-165,-168,-170,-180,-175,-154,-248,-227,-230,-222,-214,-193,-187,-209,-205,-201,-187,-179,-181,-181,-256,-201,-267,-258,-280,-309,-315,-308,-352,-356,-453,-471,-450,-463,-450,-450,-643,-634,-709,-716,-981,-689,-988,-1011,-1003,-776,-939,-926,-1070,-953,-958,-943,-982,-855,-1003,-973,-1000,-998,-994,-995,-1002,-1161,-1077,-1116]} 1. e4 c6 2. Nc3 d5 3. Qf3 d4 4. Bc4 e6 5. Nce2 Nf6 (5... c5 6. d3 Nc6 7. Qg3 Na5 8. Bb5+ Bd7 9. Bxd7+ Qxd7 10. Nf3 Nc6 11. O-O Nge7 12. h4 h5 13. a3 {1-0 (46) Das,A (2456)-Sengupta,D (2589) Thiruvarur 2015}) 6. e5 {B11: Caro-Kann: Two Knights Variation} Nfd7 7. Qg3 b5 8. Bb3 {The position is equal.} Nc5 (8... c5 $5 {[%cal Rc5c4]} 9. a4 c4 $11) 9. d3 (9. c3 $11) 9... a5 $15 {aiming for ...a4.} 10. a3 $146 ({Predecessor:} 10. Bg5 Qd7 11. a3 Nxb3 12. cxb3 Qd5 13. Nc1 {½-½ (39) Caressa,M (1900)-Sanjuan Lahoz,O corr 1998}) 10... Nxb3 11. cxb3 c5 $36 {[%mdl 2048] Black has good play.} 12. Nf3 Bb7 13. O-O Nc6 {[%cal Bb8c6,Bc6e7,Be7f5][%mdl 32]} 14. Nf4 Ne7 15. Nh5 Nf5 16. Qg4 Qd5 17. Bg5 ({Better is} 17. Nd2 $15) 17... Qxb3 {[%mdl 64] Double Attack} 18. Rad1 h6 19. Bc1 O-O-O 20. a4 (20. Nh4 $17) 20... b4 21. Rfe1 Qxa4 22. Nd2 Qb5 23. Nc4 a4 24. Bd2 Bd5 25. Ra1 Bxc4 26. dxc4 {[#]} Qc6 $1 ({Inferior is} 26... Qxc4 27. Rxa4 Qd3 28. Rea1 $14) 27. Nf4 (27. Qd1 {is a better defense.}) 27... Be7 28. Nd3 Kb7 29. Rec1 h5 30. Qe2 g5 {[%cal Bg7g5,Bg5g4][%mdl 32]} 31. Qe1 g4 32. Bxb4 Nh4 {[%csl Gh4][%cal Rc6g2][%mdl 64] Zwischenzug. Black is clearly winning.} 33. Qf1 cxb4 34. c5 Qb5 {[#]} 35. c6+ (35. b3 $142 $1 {[%mdl 512]} axb3 36. Rab1) 35... Kc7 $19 36. Qd1 Ra8 37. Qd2 Rhg8 38. Qf4 Qd5 {[%csl Gh4][%cal Rd5g2]} 39. Ne1 Rg7 40. Qh6 Qxe5 41. Nd3 Qg5 42. Qxg5 Rxg5 43. Rc4 Rd5 44. Kf1 Nf5 45. Nxb4 Bxb4 46. Rxb4 Kxc6 47. Rbxa4 Rxa4 48. Rxa4 Rb5 {Accuracy: White = 49%, Black = 77%.} 0-1

[Event "Moscow Rapid-ch 2018"]
[Site "Moscow"]
[Date "2018.12.09"]
[Round "8"]
[White "Dragomarezkij, Evgeni"]
[Black "Lavrov, Maxim"]
[Result "1/2-1/2"]
[WhiteElo "2385"]
[BlackElo "2387"]
[Annotator "NA"]
[PlyCount "156"]
[EventDate "2018.12.08"]
[EventType "swiss"]
[EventCountry "RUS"]
[SourceTitle "playchess.com"]
[Source "ChessBase"]
[SourceQuality "1"]
[TimeControl "900+10"]

1. c4 {[%emt 0:00:00]} Nf6 {[%emt 0:00:00]} 2. Nc3 {[%emt 0:00:00]} g6 {[%emt 0:00:00]} 3. e4 {[%emt 0:00:00]} d6 {[%emt 0:00:00]} 4. d4 {[%emt 0:00:00]} Bg7 {[%emt 0:00:00]} 5. f3 {[%emt 0:00:00]} O-O {[%emt 0:00:00]} 6. Bg5 {[%emt 0:00:02]} c5 {[%emt 0:00:04]} 7. d5 {[%emt 0:00:07]} e6 {[%emt 0:00:06]} 8. Qd2 {[%emt 0:00:05]} exd5 {[%emt 0:00:05]} 9. Nxd5 {[%emt 0:00:04]} Be6 {[%emt 0:00:15]} 10. Ne2 {[%emt 0:00:03]} Bxd5 {[%emt 0:00:15]} 11. cxd5 {[%emt 0:00:04]} h6 {[%emt 0:00:28]} 12. Be3 {[%emt 0:00:14]} Nbd7 {[%emt 0:00:21]} 13. Nc3 {[%emt 0:00:04]} h5 {[%emt 0:00:23]} 14. Be2 {[%emt 0:00:08]} a6 {[%emt 0:00:20]} 15. a4 {[%emt 0:00:07]} Nh7 {[%emt 0:00:19]} 16. O-O {[%emt 0:00:08]} Re8 {[%emt 0:00:13]} 17. Kh1 {[%emt 0:00:32]} Ne5 {[%emt 0:00:26]} 18. Bg1 {[%emt 0:03:19]} Qa5 {[%emt 0:01:04]} 19. f4 {[%emt 0:00:42]} Nd7 {[%emt 0:00:29]} 20. Bd3 {[%emt 0:01:22]} Rac8 {[%emt 0:00:35]} 21. e5 {[%emt 0:00:29]} dxe5 {[%emt 0:00:18]} 22. f5 {[%emt 0:00:01]} g5 {[%emt 0:00:35]} 23. Be3 {[%emt 0:02:34]} g4 {[%emt 0:02:46]} 24. Ne4 {[%emt 0:03:00]} Qxd2 {[%emt 0:01:33]} 25. Bxd2 {[%emt 0:00:02]} Bf8 {[%emt 0:00:48]} 26. f6 {[%emt 0:01:05]} c4 {[%emt 0:00:05]} 27. Bc2 {[%emt 0:00:13]} Nc5 {[%emt 0:01:27]} 28. Rf5 {[%emt 0:00:23]} Red8 {[%emt 0:01:58]} 29. Nc3 {[%emt 0:00:18]} Nb3 {[%emt 0:01:30]} 30. Bxb3 {[%emt 0:00:46]} cxb3 {[%emt 0:00:02]} 31. Rxh5 {[%emt 0:00:41]} Nxf6 {[%emt 0:00:28]} 32. Rxe5 {[%emt 0:00:09]} Nh7 {[%emt 0:01:08]} 33. Re4 {[%emt 0:00:19]} Nf6 {[%emt 0:00:25]} 34. Rd4 {[%emt 0:00:29]} Bg7 {[%emt 0:00:22]} 35. Rd1 {[%emt 0:00:39]} Kh7 {[%emt 0:00:19]} 36. Bg5 {[%emt 0:00:15]} Rd7 {[%emt 0:00:11]} 37. Rb4 {[%emt 0:01:00]} Nh5 {[%emt 0:00:32]} 38. Rxb3 Kg6 {[%emt 0:00:06]} 39. Be3 {[%emt 0:00:21]} Be5 {[%emt 0:00:02]} 40. g3 {[%emt 0:00:21]} Rc4 {[%emt 0:00:13]} 41. a5 {[%emt 0:00:11]} f6 {[%emt 0:00:14]} 42. Kg2 {[%emt 0:00:02]} Ng7 {[%emt 0:00:08]} 43. Bb6 {[%emt 0:00:11]} Nf5 {[%emt 0:00:06]} 44. Rd2 {[%emt 0:00:04]} Ne7 {[%emt 0:00:10]} 45. Bf2 {[%emt 0:00:18]} Bxc3 {[%emt 0:00:32]} 46. Rxc3 {[%emt 0:00:04]} Rxc3 {[%emt 0:00:04]} 47. bxc3 {[%emt 0:00:01]} Rxd5 {[%emt 0:00:20]} 48. Rb2 {[%emt 0:00:39]} Rb5 {[%emt 0:00:09]} 49. Rxb5 {[%emt 0:00:17]} axb5 {[%emt 0:00:02]} 50. h4 {[%emt 0:00:34]} gxh3+ {[%emt 0:00:03]} 51. Kxh3 {[%emt 0:00:00]} Nc6 {[%emt 0:00:09]} 52. Bb6 {[%emt 0:00:09]} f5 {[%emt 0:00:12]} 53. Kh4 {[%emt 0:00:09]} Ne5 {[%emt 0:00:12]} 54. Bd8 {[%emt 0:00:19]} Nf3+ {[%emt 0:00:15]} 55. Kh3 {[%emt 0:00:01]} Nd2 {[%emt 0:00:01]} 56. Bc7 {[%emt 0:00:22]} Ne4 {[%emt 0:00:05]} 57. Be5 {[%emt 0:00:04]} Kh5 {[%emt 0:00:01]} 58. Bd4 {[%emt 0:00:16]} Ng5+ {[%emt 0:00:05]} 59. Kg2 {[%emt 0:00:04]} Kg4 {[%emt 0:00:01]} 60. Bf6 {[%emt 0:00:16]} Ne4 {[%emt 0:00:29]} 61. Be5 {[%emt 0:00:01]} Nc5 {[%emt 0:00:05]} 62. Bf4 {[%emt 0:00:10]} Ne6 {[%emt 0:00:25]} 63. Be3 {[%emt 0:00:06]} Nc7 {[%emt 0:00:09]} 64. Bd4 {[%emt 0:00:24]} Ne6 {[%emt 0:00:49]} 65. Be3 {[%emt 0:00:04]} Nc7 {[%emt 0:00:16]} 66. Bf4 {[%emt 0:00:11]} Nd5 {[%emt 0:00:07]} 67. Be5 {[%emt 0:00:05]} Ne7 {[%emt 0:00:15]} 68. Kf2 {[%emt 0:00:10]} Nc6 {[%emt 0:00:03]} 69. Bc7 {[%emt 0:00:04]} b4 {[%emt 0:00:15]} 70. cxb4 {[%emt 0:00:05]} Nxb4 {[%emt 0:00:01]} 71. Kg2 {[%emt 0:00:06]} Nd5 {[%emt 0:00:03]} 72. Bb8 {[%emt 0:00:08]} f4 {[%emt 0:00:21]} 73. gxf4 {[%emt 0:00:02]} Nxf4+ {[%emt 0:00:01]} 74. Bxf4 {[%emt 0:00:17]} Kxf4 {[%emt 0:00:01]} 75. Kf2 {[%emt 0:00:02]} Ke4 {[%emt 0:00:02]} 76. Ke2 {[%emt 0:00:01]} Kd4 {[%emt 0:00:01]} 77. Kd2 {[%emt 0:00:01]} Kc4 {[%emt 0:00:01]} 78. a6 {[%emt 0:00:02]} bxa6 {[%emt 0:00:03]} 1/2-1/2